| 000 | 00547cam a22002174a 4500 | ||
|---|---|---|---|
| 005 | 20250605164318.0 | ||
| 008 | 250528s ||||||||||||||||||||||||d | ||
| 035 | _a22782 | ||
| 020 | _a9780471652694 | ||
| 040 |
_aGR-AtMCL _bgre _dGR-AtMCL _eAACR2 |
||
| 245 | 1 | _aINTERNATIONAL ACCOUNTING AND MULTINATIONAL ENTERPRISES | |
| 250 | _a6 | ||
| 260 |
_bWiley, _c2006 |
||
| 300 | _a506 | ||
| 700 | 1 |
_aBlack Ervin L. _98471 |
|
| 700 | 1 |
_aGray Sidney J _9917 |
|
| 700 | 1 |
_aRadebaugh Lee H _9914 |
|
| 942 | _cBK | ||
| 999 |
_c7827 _d7827 |
||